000 00639cam0a220019300 4500
001 qcf00209730
005 20190816090626.0
008 830513s1959 fr 000 0 fre d
035 _a(Sirsi) r124278
035 _a(QCAT)lss03763575
035 _a(UPRA)qcf00209730
040 _dUPRA
100 2 _aSaint Pierre, Michel de, 1916-1987.
_dSaint Pierre, Michel de, 1916-1987.
_6A92374.1
245 1 4 _aLes murmures de Satan :
_broman /
_cMichel de Saint Pierre.
260 _aParis :
_bCalmann-Levy,
_c1959.
490 0 _aLe Cercle du livre de France
_6S13859.1
949 _aPQ2637.A362
_wlcc
_i-178525
_mMAIN
_tBOOK
_lON-SHELF
004 124278
999 _c81501
_d81501